Associa il nome alla figura istituzionale - Statistics

Statistiche generali
  • Questo quiz è stato fatto 104 volte
  • Il punteggio medio è 27 su 50
Statistiche sulle risposte
Hint Risposta % Corretto
Ministro delle infrastrutture e dei trasporti (Italia) Matteo Salvini
83%
Presidente degli Stati Uniti d'America Donald Trump
78%
Papa della Chiesa cattolica Robert Francis Prevost
78%
Presidente della Repubblica francese Emmanuel Macron
75%
Cancelliere federale della Germania Friedrich Merz
75%
Presidente del Consiglio dei ministri (Italia) Giorgia Meloni
75%
Presidente della Repubblica italiana Sergio Mattarella
75%
Presidente dell'Ucraina Volodymyr Zelens'kyj
73%
Presidente della Repubblica Popolare Cinese Xi Jinping
73%
Primo ministro di Israele Benjamin Netanyahu
72%
Presidente della Federazione Russa Vladimir Putin
72%
Ministro degli affari esteri e della cooperazione internazionale (Italia) Antonio Tajani
70%
Guida suprema dell'Iran Ali Khamenei
68%
Imperatore del Giappone Naruhito
68%
Presidente della Turchia Recep Tayyip Erdoğan
68%
Primo ministro dell'Ungheria Viktor Orbán
68%
Segretario generale del Partito del Lavoro di Corea del Nord Kim Jong-un
67%
Presidente del Governo di Spagna Pedro Sánchez
67%
Presidente del Senato (Italia) Ignazio La Russa
65%
Presidente del Venezuela Nicolás Maduro
65%
Ministro della difesa (Italia) Guido Crosetto
62%
Presidente della Commissione europea Ursula von der Leyen
62%
Ministro della giustizia (Italia) Carlo Nordio
60%
Presidente della Repubblica di Bielorussia Aljaksandr Lukašėnka
58%
Ministro dell'economia e delle finanze (Italia) Giancarlo Giorgetti
57%
Presidente del Brasile Lula da Silva
57%
Presidente della Repubblica Araba d'Egitto Abdel Fattah al-Sisi
55%
Ministro dell'istruzione e del merito (Italia) Giuseppe Valditara
55%
Ministro della cultura (Italia) Alessandro Giuli
53%
Ministro dell'agricoltura (Italia) Francesco Lollobrigida
53%
Ministro dell'Interno (Italia) Matteo Piantedosi
53%
Ministro del turismo (Italia) Daniela Santanchè
52%
Presidente dell'Argentina Javier Milei
52%
Primo ministro dell'Albania Edi Rama
50%
Presidente della Camera dei deputati (Italia) Lorenzo Fontana
47%
Presidente della Banca centrale europea Christine Lagarde
42%
Primo ministro dell'India Narendra Modi
42%
Segretario generale delle Nazioni Unite António Guterres
38%
Presidente della Corte costituzionale (Italia) Giovanni Amoroso
38%
Re dell'Arabia Saudita Salmān
38%
Primo ministro del Regno Unito Keir Starmer
37%
Ministro della salute (Italia) Orazio Schillaci
32%
Presidente del Consiglio dei ministri della Polonia Donald Tusk
30%
Presidente della Federal Reserve Jerome Powell
30%
Primo ministro del Canada Mark Carney
30%
Segretario generale della NATO Mark Rutte
27%
Presidente del Parlamento Europeo Roberta Metsola
25%
Presidente di El Salvador Nayib Bukele
20%
Direttrice Operativa del Fondo Monetario Internazionale Kristalina Georgieva
13%
Presidente del Consiglio europeo António Costa
10%
Nessun quiz corrispondente trovato
Distribuzione punteggi
Percentuale di utenti per punteggio
Percentile per numero di risposta
I tuoi punteggi nel tempo
Non hai fatto questo quiz